| 000 | 01042cad a22002295a 4500 | ||
|---|---|---|---|
| 001 | E146593 | ||
| 008 | 090206e20090105xxk f s000 0 eng d | ||
| 035 | _a(Sirsi) u146593 | ||
| 041 | 0 | _aeng | |
| 050 | 0 | 4 | _a347.4209 $2 18 |
| 110 | 2 |
_aScotland _bScottish Government _95344 |
|
| 245 | 0 | 0 |
_aArbitration (Scotland) Bill _bconsultation conclusions and next steps _h[electronic resource] |
| 260 |
_a[Edinburgh] _bScottish Government _c2009 |
||
| 520 | _aSets out the conclusions drawn from the recent consultation on the Arbitration (Scotland) Bill, and the proposed next steps. The Bill was introduced on 29 January 2009 and is currently under Parliamentary scrutiny. | ||
| 521 | _aAdvanced | ||
| 590 | _aKA | ||
| 650 | 2 | 4 | _aARBITRATION (SCOTLAND) BILL |
| 651 | 4 |
_aScotland _y1999- |
|
| 690 | _aMANAGEMENT-DISPUTE AVOIDANCE, MANAGEMENT AND RESOLUTION-DISPUTE MANAGEMENT AND RESOLUTION-ARBITRATION | ||
| 856 | 4 | 0 |
_uhttps://www.scotland.gov.uk/Publications/2009/02/-18 _zView the report free of charge at www.scotland.gov.uk... |
| 942 | _n0 | ||
| 999 |
_c109235 _d109235 |
||